000 00457nam a2200169Ia 4500
005 20250923150250.0
008 008 250917s9999 xx 000 0 eng d
037 _aTextual
040 _aDSWL
_beng
_cDSWL
041 _aeng
_2eng
084 _aYxN26,3, P7
_qDSWL
245 0 _aContemporary Bauman
_cEd.by A Elliott
260 _aUK
_bRoutledge
_c2007
300 _a275 p.
942 _cTEXL
_hYxN26,3, P7
999 _c1461450
_d1461450